[Event "Christmas Festival AN PASAN&Friends"]
[Site "Vonesta voda"]
[Date "2016.12.27"]
[Round "3.1"]
[White "Todorov, Kaloyan"]
[Black "Cholakov, Nikolay"]
[Result "1-0"]
[WhiteElo "1972"]
[BlackElo "1887"]
[PlyCount "61"]
[EventDate "2016.12.26"]
[EventType "tourn"]
[EventRounds "5"]
[EventCountry "BUL"]

1. e4 d5 2. exd5 Qxd5 3. Nf3 Nf6 4. Be2 Bg4 5. d4 c6 6. Be3 (6. h3 Bh5 7. O-O
e6 8. c4 Qd8 9. Qb3 Qb6 10. Be3 Nbd7 11. Nc3 Be7 12. Rfd1 O-O 13. Qxb6 Nxb6 14.
g4 Bg6 15. a4 Nbd7 16. a5 a6 17. Ne5 Rfd8 18. Nxg6 hxg6 19. Bf3 Ne8 20. Bg2
Rac8 {Beikert,G (2435)-Lopez,J (2205) France 1996 1/2 (53)}) (6. O-O e6 7. c4
Qd8 8. Nc3 Be7 9. Be3 O-O 10. Qc2 Nbd7 11. Rad1 Qc7 12. Rfe1 Bd6 13. h3 Bh5 14.
Ng5 Bxe2 15. Qxe2 h6 16. Nge4 Bh2+ 17. Kh1 Bf4 18. d5 exd5 19. cxd5 cxd5 20.
Nxf6+ Nxf6 {Pernerstorfer,M (1447)-Schilay,E (1579) Mureck 2016 1-0 (57)}) 6...
e6 7. O-O Qa5 $146 (7... Be7 8. h3 Bh5 9. c4 Qa5 10. a3 O-O 11. Nc3 Rd8 12. b4
Qc7 13. Qb3 Nbd7 14. Rfd1 Nb6 15. Rac1 Rd7 16. g4 Bg6 17. Ne5 Rdd8 18. Bf4 Qc8
19. Bf3 Nbd7 20. d5 Nxe5 21. Bxe5 a5 22. d6 {
Tassopoulos,M (2182)-Korou,L (2020) Glyfada 2000 1-0 (38)}) (7... Nbd7 8. Nbd2
Qa5 9. c3 Be7 10. Qc2 O-O 11. Bd3 Bd6 12. Rfe1 Qc7 13. h3 Bh5 14. Bg5 h6 15.
Bxf6 Nxf6 16. Ne5 Nd5 17. Ndc4 Ne7 18. Nxd6 Qxd6 19. Re3 f5 20. Bc4 Nd5 21.
Ree1 b5 22. Be2 {
Corral Yugueros,N-Torrecillas Muelas,M (1707) Ciudad Real 2007 1/2 (33)}) (7...
Qd8 8. c4 Bd6 9. Nc3 O-O 10. h3 Bh5 11. g4 Bg6 12. Ne5 Nfd7 13. f4 Bxe5 14.
dxe5 h6 15. f5 exf5 16. gxf5 Bh7 17. e6 fxe6 18. fxe6 Nf6 19. Qxd8 Rxd8 20.
Bxh6 Re8 21. c5 Nd5 22. Bh5 {
Ramoneda Rumi,G (1716)-Fernandez Rubio,R (1852) Padron 2008 1-0 (35)}) 8. Ne5 (
8. c4 Nbd7 $16) 8... Bxe2 $14 9. Qxe2 Bd6 10. Nc4 Qc7 11. Nxd6+ Qxd6 12. c4
Nbd7 13. Nc3 O-O 14. Rad1 Rfe8 (14... Qb4 15. Rc1 $14) 15. f4 (15. g4 g6 $16)
15... Qc7 (15... b5 16. cxb5 cxb5 17. Nxb5 $11) 16. Qf3 (16. g4 Nf8 $14) 16...
Rad8 (16... Qa5 17. Bf2 $14) 17. Bf2 (17. g4 g6 18. Rf2 $14) 17... Nf8 $2 (
17... b5 $142 $5 $11) 18. Bh4 $16 Ng6 19. Bxf6 gxf6 20. f5 exf5 21. Qxf5 Re6 $2
(21... Qe7 $142 $5 $16) 22. Ne4 $18 Qe7 23. Nxf6+ Kh8 24. Qf2 (24. b3 $142 $5
Rdd6 25. Nh5 f6 $18) 24... Re2 $16 25. Qg3 Rd6 (25... Qe3+ 26. Qxe3 Rxe3 27. d5
$16) 26. Nh5 (26. Ng4 Nh4 27. Rde1 Rde6 28. Rxe2 Rxe2 $16) 26... Rde6 $2 (26...
Rd8 $142 $18) 27. Qb8+ Nf8 (27... Qe8 28. Qxb7 Re1 29. Qb4 Rxd1 30. Rxd1 $18)
28. Nf4 Kg7 (28... Rg6 29. Nxe2 Qxe2 30. Qe5+ Qxe5 31. dxe5 $18) 29. Nxe2 Rxe2
30. Qg3+ Ng6 31. Rde1 1-0

[Event "Christmas Festival AN PASAN&Friends"]
[Site "Vonesta voda"]
[Date "2016.12.27"]
[Round "3.2"]
[White "Georgiev, Todor"]
[Black "Terziev, Dimo"]
[Result "1-0"]
[WhiteElo "2335"]
[BlackElo "1865"]
[PlyCount "119"]
[EventDate "2016.12.26"]
[EventType "tourn"]
[EventRounds "5"]
[EventCountry "BUL"]

1. d4 g6 2. Nf3 Bg7 3. g3 Nf6 4. Bg2 c6 5. O-O O-O 6. Nbd2 d5 7. Re1 Re8 (7...
Bf5 8. Nh4 Be6 9. c3 Nbd7 10. Nhf3 Bf5 11. Nh4 Be6 12. Nhf3 a5 13. a4 h6 14. e4
dxe4 15. Nxe4 Nxe4 16. Rxe4 Bd5 17. Re1 e6 18. Be3 b5 19. Ne5 Bxg2 20. Kxg2
Nxe5 21. dxe5 Qxd1 22. Raxd1 {Ji,D (2393)-Li,C (2758) Harbin 2016 0-1 (76)}) 8.
b3 Bg4 $146 (8... Nbd7 9. Bb2 Qb6 10. e3 Nf8 11. c4 Bg4 12. h3 Bxf3 13. Bxf3
Ne6 14. Rc1 Rad8 15. Qe2 Qc7 16. cxd5 Nxd5 17. Ne4 Qb8 18. h4 h6 19. Nc5 Nec7
20. Qd2 e6 21. e4 Ne7 22. Qe3 Kh7 23. Rcd1 {
Thiemann,J (1514)-Duerr,H (2020) Essen 2005 0-1 (44)}) (8... c5 9. e3 $11 (9.
dxc5 $2 Ne4 10. Nxe4 dxe4 $19 (10... Bxa1 $6 11. Ned2 $17))) 9. Ne5 Nbd7 10.
Nxg4 Nxg4 11. e3 (11. Bb2 Ngf6 $14) 11... Ngf6 (11... f5 $5 $11) 12. f4 $14 Qb6
13. Bb2 Rac8 14. c4 e6 15. c5 Qc7 16. b4 Rb8 17. Qc2 a6 (17... a5 18. a3 $14)
18. Bf3 h5 19. Kg2 (19. Bc3 Ng4 $11) 19... Nh7 20. e4 Nhf6 (20... dxe4 $5 21.
Nxe4 Red8 $14) 21. e5 $16 Nh7 (21... Ng4 22. Bc3 $16) 22. h3 (22. Bc3 $5 Ra8
$18) 22... Bh6 23. Bc1 (23. h4 a5 24. a3 axb4 25. axb4 b6 $16) 23... Qd8 (23...
h4 24. Nf1 hxg3 25. f5 $16) 24. Nf1 h4 25. g4 (25. f5 $5 Kg7 26. f6+ Ndxf6 27.
Bxh6+ Kxh6 28. exf6 Qxf6 29. Qd2+ Kg7 $16) 25... g5 $16 26. f5 Qe7 (26... f6
27. Bb2 $16) 27. f6 Qf8 $2 (27... Nhxf6 $142 28. exf6 Qxf6 $16) 28. Be2 $18 Kh8
(28... Ndxf6 29. exf6 Nxf6 30. Bd3 $18) 29. Bd3 Qg8 30. Nd2 Ndf8 31. Nf3 Ng6
32. Bxg6 Qxg6 33. Qxg6 fxg6 34. Nxh4 $1 gxh4 35. Bxh6 Kg8 36. g5 Kf7 (36... b6
37. Reb1 Nf8 38. a4 $18) 37. Kf3 a5 (37... b6 $18) 38. Rab1 (38. bxa5 $142 $5
Nf8 39. Rab1 Nd7 $18) 38... Ra8 39. b5 Reb8 (39... Ra7 $18) 40. Rb2 Nf8 (40...
a4 41. Reb1 a3 42. Rb3 cxb5 43. Rxb5 $18) 41. Bxf8 Kxf8 (41... Rxf8 42. bxc6
bxc6 43. Rb7+ Kg8 44. Rg7+ Kh8 45. Rxg6 Ra7 $18) 42. Reb1 cxb5 43. Rxb5 Ra7 44.
c6 $1 a4 (44... bxc6 45. Rxb8+) 45. Rxb7 Raxb7 46. Rxb7 Rc8 47. c7 a3 48. Kg4
Kf7 49. Kxh4 Kf8 50. Kg4 Ke8 51. h4 Kf7 52. h5 gxh5+ 53. Kxh5 Rh8+ 54. Kg4 Rc8
55. Ra7 Kg6 56. Rxa3 Rxc7 57. Rh3 Rc1 58. Rh6+ Kf7 59. g6+ Kg8 60. f7+ 1-0

[Event "Christmas Festival AN PASAN&Friends"]
[Site "Vonesta voda"]
[Date "2016.12.27"]
[Round "3.3"]
[White "Raykov, Stefan"]
[Black "Stoyanov, Stoyan Orl"]
[Result "1-0"]
[WhiteElo "2206"]
[BlackElo "2024"]
[PlyCount "105"]
[EventDate "2016.12.26"]
[EventType "tourn"]
[EventRounds "5"]
[EventCountry "BUL"]

1. e4 e5 2. Nc3 Nf6 3. Nf3 Nc6 4. Bb5 Nd4 5. Ba4 c6 6. Nxe5 d6 7. Nd3 b5 8. Bb3
a5 (8... Nxb3 9. axb3 a5 10. f3 Be7 11. O-O O-O 12. b4 a4 13. b3 d5 14. bxa4
dxe4 15. fxe4 Nxe4 16. Nxe4 Qd4+ 17. Nef2 Qxa1 18. axb5 cxb5 19. Qh5 g6 20.
Qxb5 Be6 21. Bb2 Qa2 22. Qe5 f6 23. Qc7 {
Bustos Acosta,I-Stromboli,E (2303) ICC INT 2009 1-0 (71)}) 9. a3 Nxb3 (9... d5
10. e5 Ne4 11. O-O Nc5 12. Nxc5 Bxc5 13. Kh1 O-O 14. Ne2 a4 15. Ba2 f6 16. Nxd4
Bxd4 17. c3 Bxe5 18. d4 Bb8 19. Bb1 Ra7 20. Qf3 g5 21. Qh5 Qe8 22. Qxe8 Rxe8
23. Bd3 Bg4 24. Bd2 {
Adams,M (2716)-Kramnik,V (2751) Linares 1999 CBM 070 [Tsesarsky] 1/2 (61)}) 10.
cxb3 d5 $146 (10... Be7 11. O-O O-O 12. Nf4 Ba6 13. Re1 b4 14. axb4 axb4 15.
Na4 Re8 16. d3 Bf8 17. Be3 Nd7 18. Qd2 Qb8 19. f3 Qb5 20. d4 g6 21. Rad1 Bg7
22. Kh1 Rad8 23. Nd3 Rb8 24. Bf4 Re6 25. Nf2 {
Yin,H (2380)-Stern,R (2465) Rotterdam 1998 1-0 (65)}) (10... Qb6 11. O-O Be7
12. Nf4 Bg4 13. Qc2 O-O 14. d3 b4 15. Be3 Qb7 16. Nb1 Bd7 17. f3 Ne8 18. Nd2
Nc7 19. Nc4 Rfb8 20. Nb6 Ne6 21. Nxe6 Bxe6 22. Nxa8 Rxa8 23. a4 c5 24. d4 cxd4
25. Bxd4 {Deschner,R (2174)-Niekrens,S (1972) Lieme 2007 1-0 (47)}) 11. e5 Ne4
(11... Nd7 $11) 12. Qe2 (12. O-O $142 $5 $16) 12... Bf5 13. O-O Be7 14. Nf4 (
14. g4 $5 Bg6 15. Nxe4 dxe4 16. Nf4 $15) 14... Nc5 $17 15. d3 (15. Qd1 $142 $5
d4 16. Na2 $17) 15... Nxb3 $19 16. Rb1 Qd7 (16... O-O 17. Qf3 Qd7 18. a4 $19)
17. Re1 (17. h3 a4 $17) 17... O-O $19 18. Qf3 Bg4 (18... Rae8 19. h3 $19) 19.
Qg3 $17 Qf5 (19... Kh8 $5 $17) 20. h3 $15 Bh5 21. Nxh5 Qxh5 22. Ne2 Qh4 (22...
Bh4 23. Qe3 $15) 23. Bf4 (23. Qxh4 $5 Bxh4 24. Be3 $11) 23... Qxg3 $15 24. Nxg3
g6 25. Nf1 d4 (25... Kg7 26. Ng3 $17) 26. Ng3 c5 27. Ne4 c4 28. Red1 (28. a4
cxd3 29. axb5 Rfb8 $15) 28... Rac8 (28... a4 29. dxc4 bxc4 30. Nd2 Nxd2 31.
Rxd2 $17) 29. Kf1 (29. Bg5 Bxg5 30. Nxg5 Rfd8 $17) 29... a4 $17 30. Nd2 (30.
Bd2 Kg7 $17 (30... cxd3 $6 31. Be1 $15) (30... Nxd2+ $6 31. Rxd2 b4 32. dxc4
$15)) 30... Nxd2+ (30... Rfd8 $5 31. Nxb3 axb3 32. Ke2 $17) 31. Rxd2 c3 32. Rc2
g5 33. Bc1 cxb2 34. Rxc8 Rxc8 35. Bxb2 Rb8 (35... Rc5 $5 $15) 36. Ke2 Bc5 (
36... f5 37. Rc1 $11 (37. Bxd4 $2 Bxa3 38. Ra1 Bf8 $19)) 37. Rc1 $14 Bf8 38.
Kf3 b4 39. Ke4 (39. axb4 $5 Rxb4 40. Rc2 $14) 39... bxa3 $11 40. Bxd4 Rb3 41.
Rc4 Bb4 $2 (41... Rb4 $142 $11) 42. Rc8+ $16 Kg7 43. Ra8 (43. e6+ f6 44. Ra8
Be7 45. Rxa4 Rb8 $18) 43... a2 (43... Bc3 $142 $5 44. Bxc3 Rxc3 45. Rxa4 Rc2
$16) 44. Rxa4 $18 Ba3 45. Ra8 h6 $2 (45... h5 $142 $18) 46. e6+ f6 (46... Kg6
47. Rg8+ Kh5 48. g4+ Kh4 $18) 47. Kf5 (47. Ra7+ $142 Kg6 48. g4 $18) 47... Rb5+
$16 48. Ke4 Rb3 49. Ra7+ Kg6 50. g4 a1=Q 51. Bxa1 Bc5 52. Rf7 Rb4+ 53. Kd5 1-0

[Event "Christmas Festival AN PASAN&Friends"]
[Site "Vonesta voda"]
[Date "2016.12.28"]
[Round "4.1"]
[White "Cholakov, Nikolay"]
[Black "Stoyanov, Stoyan Orl"]
[Result "1-0"]
[WhiteElo "1887"]
[BlackElo "2024"]
[PlyCount "107"]
[EventDate "2016.12.26"]
[EventType "tourn"]
[EventRounds "5"]
[EventCountry "BUL"]

1. d4 Nf6 2. Bg5 d5 3. Bxf6 exf6 4. e3 c6 5. c4 dxc4 6. Bxc4 Bd6 7. Nf3 Qe7 (
7... O-O 8. O-O f5 (8... Nd7 9. h3 f5 10. Nc3 Nf6 11. Ne5 Bxe5 12. dxe5 Ne4 13.
Qc2 Qd2 14. Qb3 Nxc3 15. bxc3 Qd7 16. Qa3 Qc7 17. f4 Be6 18. Bxe6 fxe6 19. Rfd1
Qb6 20. Kf2 Rfd8 21. Rab1 Qc7 22. Qb3 Qe7 23. Qxb7 {
Bagirov,R (2471)-Guliev,L (2464) Baku 2011 1-0 (40)}) 9. Qc2 Nd7 10. Bd3 g6 11.
a3 Qe7 12. Nc3 Nf6 13. b4 Be6 14. Rfe1 a5 15. b5 c5 16. e4 fxe4 17. Nxe4 Nxe4
18. Bxe4 cxd4 19. Nxd4 Rac8 20. Qe2 Bc4 21. Qg4 h5 22. Qh3 {
Knaak,R (2505)-Kveinys,A (2496) Germany 2000 0-1 (46)}) 8. Nc3 $146 (8. O-O O-O
9. Nc3 f5 10. Re1 Nd7 11. e4 fxe4 12. Nxe4 Nb6 13. Bb3 Bb4 14. Re3 h6 15. a3
Bd6 16. Qc2 Qd8 17. Nxd6 Qxd6 18. Qc5 Qd8 19. Rae1 Nd5 20. Bxd5 cxd5 21. Re7 b6
22. Qc7 Qxc7 {Mellado Trivino,J (2450)-Spassov,L (2385) Albacete 2004 1/2 (46)}
) 8... Nd7 9. O-O f5 10. e4 fxe4 11. Nxe4 Bf4 (11... Qxe4 12. Ng5) 12. g3 Bc7 (
12... O-O $5 13. Re1 Bh6 $16) 13. Bxf7+ Qxf7 14. Neg5 Qd5 15. Re1+ Ne5 16. dxe5
(16. Qc2 $142 Bg4 17. Nxe5 $16) 16... O-O $11 17. Qxd5+ cxd5 18. Nd4 (18. e6
$142 h6 19. e7 $11) 18... Bb6 $17 19. Ngf3 g5 $4 (19... Bg4 $142 20. Kg2 Rxf3
21. Nxf3 Rf8 $17) 20. Rad1 $16 Bg4 21. Rd3 Bf5 (21... Rac8 $142 $5 22. Nxg5 Rc4
$16) 22. Nxf5 $18 Rxf5 23. Nd4 Rff8 (23... Bxd4 24. Rxd4 Rd8 25. e6 $18) 24.
Re2 (24. e6 Rae8 25. Re5 g4 $18) 24... g4 $2 (24... Rae8 $142 $18) 25. Ne6 Rfe8
26. Nf4 d4 27. Nd5 Kf7 28. Nxb6 axb6 29. Rxd4 h5 30. b3 Ra5 (30... Re6 31. h3
$1 Ra5 32. hxg4 hxg4 33. Rxg4 Rexe5 34. Rxe5 Rxe5 35. Rb4 $18) 31. Rf4+ Kg7 (
31... Ke7 32. Rf5 $18) 32. Rf5 Rh8 (32... Kh6 $18) 33. Rf4 (33. Rd2 h4 34. Rg5+
Kf7 35. Rd7+ Ke6 36. Rd6+ Ke7 37. Rxb6 hxg3 38. Rxb7+ Ke6 39. hxg3 Re8 40. Rb6+
Kd7 41. Rg7+ Kc8 42. Rc6+ Kb8 43. Rxg4 Raxe5 44. Rb4+ Ka7 $18) 33... Rf8 $4 (
33... Re8 34. e6 Re7 $18) 34. Rxf8 (34. h3 $5 Rxf4 35. gxf4 Kg6 36. hxg4 hxg4
$18) 34... Kxf8 35. Kg2 Ke7 36. h3 Ke6 37. hxg4 hxg4 38. f3 gxf3+ 39. Kxf3 Ra8
$6 (39... Rd5 40. Kf4 b5 41. g4 $18) 40. Ke4 Rg8 (40... Ra5 41. Kf4 Ra8 42. Rd2
$18) 41. Rf2 Rg4+ (41... b5 42. Rf6+ Ke7 43. Rb6 $18) 42. Rf4 Rxg3 43. Rf6+ Kd7
44. Rxb6 Kc7 45. Rf6 Rg2 (45... b5 46. Kd5 Kd8 47. Ke6 $18) 46. a4 Rb2 (46...
Re2+ 47. Kd5 Rd2+ 48. Ke6 $18) 47. Rf3 Kd7 48. Rd3+ Ke6 (48... Ke7 $18) 49.
Rd6+ Ke7 50. Rb6 Re2+ 51. Kf4 Rf2+ (51... Kd7 52. Rxb7+ Kc6 53. Rb5 $18) 52.
Ke3 Ra2 53. Rxb7+ Ke6 54. Rb5 1-0

[Event "Christmas Festival AN PASAN&Friends"]
[Site "Vonesta voda"]
[Date "2016.12.28"]
[Round "4.2"]
[White "Terziev, Dimo"]
[Black "Raykov, Stefan"]
[Result "1-0"]
[WhiteElo "1865"]
[BlackElo "2206"]
[PlyCount "47"]
[EventDate "2016.12.26"]
[EventType "tourn"]
[EventRounds "5"]
[EventCountry "BUL"]

1. e4 e5 2. Nf3 d5 3. Nxe5 dxe4 4. Bc4 Qg5 5. d4 Qxg2 6. Bxf7+ (6. Rf1 Nf6 7.
Bf4 Bd6 8. Nc3 O-O 9. Qd2 Nc6 10. O-O-O Na5 11. Be2 Bxe5 12. Bxe5 Ng4 13. Rg1
Qh3 14. Nxe4 Nxe5 15. dxe5 Nc6 16. Rxg7+ Kh8 17. Qg5 Qf5 18. Qh6 Be6 19. Nf6
Qxc2+ 20. Kxc2 Bf5+ {Tomkins,K (2290)-Rasmussen,E Seattle 1988 1-0}) 6... Kd8 (
6... Ke7 7. Rf1 Bh3 8. Bc4 Nf6 9. Bf4 Nbd7 10. Qd2 e3 11. Qxe3 Qe4 12. Qxe4
Nxe4 13. Rg1 c5 14. Nf7 Nb6 15. Nxh8 Nxc4 16. b3 Nb6 17. Nd2 Nd5 18. O-O-O Nxf4
19. Rde1 cxd4 20. Nxe4 Be6 21. Ng5 {
Matsenko,V (2175)-Lefebr,V (1987) Cheliabinsk 2008 1-0 (41)}) 7. Rf1 Bf5 $2
$146 (7... Nf6 8. Bf4 g5 9. Bg3 h5 10. Bc4 b5 11. Bxb5 Rh7 12. h4 Bh6 13. Be2
Qh3 14. Ng6 Bf5 15. hxg5 Bxg5 16. Nf4 Bxf4 17. Bxf4 Nd5 18. Bg5+ Kc8 19. c4 Nb4
20. a3 Nd3+ 21. Bxd3 exd3 22. Nc3 {Kalb,J-Van Veen,O Hengelo 1998 0-1}) (7...
Bh3 8. Qe2 (8. Bc4 Nf6 9. Nf7+ Kc8 10. Nxh8 Ng4 11. Bf4 Bd6 12. Qd2 Nxh2 13.
Bxh2 Qxh2 14. Qg5 Bxf1 15. Bxf1 Nc6 16. Qxg7 Qh4 17. Nc3 Bf4 18. Qf8+ Kd7 19.
Qf5+ Ke8 20. Qe6+ Ne7 21. Bh3 e3 22. Qf7+ {
1-0 (22) Oliveira,A (1940)-Chaves,J (2131) Rio de Janeiro 1999}) 8... Bd6 9.
Bf4 g5 10. Bg3 h5 11. Bc4 Nh6 12. Qxh5 Nd7 13. Nd2 Nxe5 14. dxe5 Bg4 15. Qxg5+
Be7 16. Qe3 Nf5 17. Qxe4 Qxe4+ 18. Nxe4 Nd4 19. Kd2 Ke8 20. c3 Nf3+ 21. Kc2 Ng5
22. Nxg5 {Becker-Emser,H Fischbach 1993 1-0 (42)}) (7... Nf6 8. Bf4 Bh3 $18) 8.
Bf4 Nf6 9. Nc3 Bb4 10. Qd2 e3 11. Qxe3 Bxc2 $2 (11... Qe4 12. Bb3 Kc8 13. O-O-O
Bxc3 14. bxc3 $18) 12. Bc4 (12. a3 $142 Bxc3+ 13. Qxc3 $18 (13. bxc3 $6 Bf5 $18
)) 12... Re8 $16 13. f3 (13. a3 $5 Ng4 14. Qd2 Bxc3 15. Qxc3 Ba4 $18) 13... Bf5
14. Qf2 Qxf2+ 15. Kxf2 Ke7 (15... Kc8 16. Rg1 Bf8 17. Rae1 $16) 16. Rg1 Kf8 17.
Rae1 Nbd7 18. Rg5 Bc2 (18... Bh3 $5 $16) 19. Re2 $18 h6 $4 (19... Bxc3 $142 20.
bxc3 Ba4 21. Nxd7+ Bxd7 22. Bxc7 Rxe2+ 23. Kxe2 Re8+ 24. Re5 Rxe5+ 25. dxe5 Ng8
$18) 20. Rxc2 Nxe5 21. Rxe5 (21. Bxe5 $6 hxg5 22. Nb5 Rac8 23. Nxa7 Rxe5 24.
dxe5 Bc5+ 25. Kg3 Bxa7 26. exf6 gxf6 $11) (21. dxe5 $143 hxg5 22. exf6 gxf4 $17
) 21... Red8 (21... Rad8 22. Rf5 c6 23. Be5 $18) 22. Nd5 c6 (22... Rxd5 23.
Bxd5 c6 $18) 23. Nxf6 gxf6 24. Bxh6# 1-0

[Event "Christmas Festival AN PASAN&Friends"]
[Site "Vonesta voda"]
[Date "2016.12.28"]
[Round "4.3"]
[White "Todorov, Kaloyan"]
[Black "Georgiev, Todor"]
[Result "0-1"]
[WhiteElo "1972"]
[BlackElo "2335"]
[PlyCount "118"]
[EventDate "2016.12.26"]
[EventType "tourn"]
[EventRounds "5"]
[EventCountry "BUL"]

1. e4 e5 2. Nf3 d6 3. Nc3 Nf6 4. d4 exd4 5. Nxd4 Be7 6. Be2 O-O 7. O-O Re8 8.
Re1 Nbd7 9. Bf1 Bf8 10. g3 (10. Bg5 c6 11. Qd2 h6 12. Bh4 Ne5 13. Rad1 Ng6 14.
Bg3 Nh5 15. a4 a5 16. Bc4 Nxg3 17. hxg3 Ne5 18. Bb3 Bg4 19. f3 Bd7 20. Kh2 Qf6
21. Qf4 Qg6 22. Ba2 Rad8 23. Qd2 d5 24. exd5 Bd6 {
Nguyen,N (2634)-Seel,C (2474) Berlin 2015 1-0 (42)}) 10... Ne5 11. Bg2 c5 (
11... Bg4 12. f3 c5 13. Nf5 Bxf5 14. exf5 d5 15. Bf4 Qd6 16. Rxe5 Rxe5 17. Bxe5
Qxe5 18. f4 Qxf5 19. Nxd5 c4 20. Qd4 Nxd5 21. Bxd5 Qxc2 22. Bxf7+ Kxf7 23. Qd5+
Kf6 24. Qe5+ {
1/2 (24) Guliyev,N (2514)-Bacrot,E (2715) Mulhouse 2005 CBM 106 [Huzman]}) 12.
Nf3 $146 (12. Nf5 Bxf5 13. exf5 Qd7 14. Bg5 Qxf5 15. Bxf6 Qxf6 16. Bxb7 Rab8
17. Bg2 Nc4 18. Rxe8 Rxe8 19. Qf3 Qh6 20. Qd3 Ne5 21. Qe4 Rb8 22. b3 Rb4 23.
Qe3 Qh5 24. Qe2 Qf5 25. Be4 Qh3 26. Bg2 Qf5 {
Malbran,G (2350)-Garbarino,R (2395) Buenos Aires 1994 1/2}) (12. Nf5 Bxf5 13.
exf5 Qd7 $14) 12... Nc6 (12... Bg4 13. Bf4 $11) 13. h3 h6 14. b3 Be6 15. Nd5
Bxd5 16. exd5 Rxe1+ 17. Nxe1 (17. Qxe1 $143 Nxd5 18. Bb2 Nc7 $11) 17... Ne5 18.
Bb2 Qe7 19. Nd3 Nxd3 20. Qxd3 Re8 21. Bxf6 (21. Bc3 $5 $14) 21... Qxf6 $11 (
21... gxf6 $143 22. Rd1 $14) 22. Rd1 g6 23. c4 Bg7 24. Qd2 Kh7 25. Re1 (25. Bf1
$5 $11) 25... Qb2 $15 26. Rd1 (26. Qd1 $5 Rxe1+ 27. Qxe1 $17) 26... Re2 $17 27.
Qf4 Qf6 28. Qxf6 Bxf6 29. a4 Bd4 30. Rd3 Bxf2+ (30... Rxf2 $2 31. Rxd4 Rb2 32.
Rd3 $18) 31. Kf1 Re3 32. Rxe3 Bxe3 33. Ke2 Bc1 34. Kd3 Kg7 35. Bf3 h5 36. g4 h4
37. Ke4 Kf6 38. Bd1 Kg5 39. Be2 (39. Bc2 f6 $17) 39... f5+ 40. Kd3 (40. gxf5 $5
gxf5+ 41. Kf3 $17) 40... Kf4 $19 41. gxf5 gxf5 42. Bf1 $2 (42. Bh5 $142 Kg3 43.
Ke2 $19) 42... Kf3 43. Kc2 Bg5 44. Kd1 (44. b4 cxb4 45. a5 $19) 44... Kf2 45.
Bd3 f4 46. Be4 (46. b4 cxb4 47. c5 dxc5 48. d6 $19) 46... f3 47. Bf5 (47. Kc2
Kg3 48. b4 cxb4 49. Kd3 $19) 47... Be3 48. Be4 Kg3 49. Ke1 f2+ 50. Kf1 Kxh3 51.
Bf5+ Kg3 52. Be4 Kf4 53. Bg2 Bd4 54. Ke2 (54. Bh3 Kg3 55. Bc8 $19) 54... Kg3
55. Kf1 h3 56. Be4 Kf4 57. Bd3 Ke3 58. Bf5 h2 59. Kg2 h1=Q+ $1 0-1

[Event "Christmas Festival AN PASAN&Friends"]
[Site "Vonesta voda"]
[Date "2016.12.29"]
[Round "5.1"]
[White "Georgiev, Todor"]
[Black "Cholakov, Nikolay"]
[Result "1/2-1/2"]
[WhiteElo "2335"]
[BlackElo "1887"]
[PlyCount "80"]
[EventDate "2016.12.26"]
[EventType "tourn"]
[EventRounds "5"]
[EventCountry "BUL"]

{A43: Áåíîíè (Øìèä)} 1. d4 c5 2. d5 g6 3. e4 Bg7 4. Nc3 d6 5. Nf3 Nd7 6. Be2
Ngf6 7. O-O O-O 8. Nd2 a6 9. a4 Rb8 10. Re1 (10. Ra3 b6 11. Rb3 Ne8 12. Nc4 Nc7
13. Bg5 Qe8 14. Ne3 h6 15. Bh4 Bd4 16. Qd2 Ne5 17. f4 Ng4 18. Bxg4 Bxg4 19. f5
Bh5 20. Bf2 g5 21. g4 Bxe3 22. Bxe3 Bxg4 23. Bxg5 Kh7 24. Rf4 hxg5 {
Drenchev,P (2486)-Ivelinov,H (2227) Albena 2010 1-0 (35)}) (10. f4 Qa5 11. Nc4
Qc7 12. Be3 b5 13. axb5 axb5 14. Na5 Bb7 15. Bxb5 Ra8 16. Nxb7 Rxa1 17. Qxa1
Qxb7 18. Bc6 Qc8 19. Qa7 Qb8 20. Ra1 Qxb2 21. Nd1 Qxc2 22. Bxd7 Nxd7 23. Rc1
Qxe4 24. Qxd7 Bd4 {Khamenya,V (1377)-Grund,S (1572) Willingen 2015 0-1}) 10...
Ne8 11. Nc4 Ne5 $146 (11... Nc7 12. Bg5 (12. a5 Nb5 13. Na4 Nd4 14. Bf1 Nb5 15.
f4 Nc7 16. e5 dxe5 17. fxe5 Re8 18. e6 Bd4+ 19. Kh1 fxe6 20. dxe6 Nf8 21. c3
Bf6 22. Qxd8 Rxd8 23. Bf4 Ncxe6 24. Rxe6 Nxe6 25. Bxb8 Bd7 26. Nab6 Bc6 {
Barrios,F (2225)-Valderrama,J Cali 1999 1-0 (38)}) 12... Ne5 13. Na3 h5 14. h3
f6 15. Be3 b5 16. axb5 axb5 17. Naxb5 Nxb5 18. Bxb5 f5 19. f4 Bd7 20. Bf1 Nf7
21. Bc1 Qb6 22. Kh2 Ra8 23. Rxa8 Rxa8 24. exf5 Bxf5 25. Rxe7 Bf6 26. Re1 {
Steinmacher,J (2245)-Speicher,F Filseck 2001 1-0 (36)}) (11... Nb6 12. Nxb6
Qxb6 13. a5 Qd8 14. Be3 b5 15. axb6 Rxb6 16. Qc1 Nc7 17. Ra2 Bd7 18. Bh6 Qb8
19. Bxg7 Kxg7 20. Qa1 e5 21. dxe6 Bxe6 22. b3 f6 23. Bxa6 Nxa6 24. Rxa6 Rxa6
25. Qxa6 Qb4 26. Qa1 {Kennefick,M-Sa Ngadsup,P Haifa 1976 0-1 (50)}) 12. Ne3 g5
13. g3 Bh6 (13... Nc7 $142 $5 $14) 14. Nc4 $16 Nxc4 15. Bxc4 Qc7 (15... Nf6 $5
16. h4 Bg7 17. Bxg5 Ng4 $16) 16. Qh5 $18 Bg7 17. Bxg5 Nf6 18. Qh4 Bd7 (18...
Ng4 19. Be2 (19. Bxe7 Ne5 20. Be2 Ng6 21. Bxf8 Nxh4 22. Bxg7 Kxg7 23. gxh4 Qe7
$17) 19... f6 20. Bxg4 fxg5 21. Qxg5 Bxg4 22. Qxg4 $18) 19. e5 dxe5 20. d6 (20.
Bd3 c4 21. Bxf6 cxd3 22. Bxg7 Kxg7 23. Qg5+ Kh8 24. Qxe7 f6 25. cxd3 Rbe8 $18)
20... Qxd6 21. Rad1 Qc7 22. Bxf6 (22. Bd3 h5 23. Bxf6 exf6 24. Qxh5 Rfe8 $18)
22... Bxf6 (22... exf6 23. Nd5 Qd8 24. a5 $16) 23. Qh5 Kg7 $4 (23... Bg7 24.
Nd5 Qd6 $16) 24. Nd5 (24. Re4 $142 $5 Bc8 $18) 24... Qc8 25. Rxe5 (25. Nxf6
exf6 26. Rd6 Be6 27. Rxe5 Bxc4 28. Rxf6 Re8 $18) 25... Bg4 $16 26. Rg5+ $1 Bxg5
27. Qxg5+ Kh8 28. Nxe7 (28. Re1 Qf5 29. Qxe7 h6 $16) 28... f6 $14 29. Qh6 (29.
Qe3 Qe8 30. Re1 Qh5 $14) 29... Qe8 $11 30. Re1 Qh5 31. Qxh5 (31. Qe3 $5 $11)
31... Bxh5 $15 32. Nf5 Rfe8 33. Ne3 Bf3 34. h3 Rbd8 35. Bd3 Rd4 36. b3 Re5 37.
Rc1 Kg8 38. Nc4 Re7 39. Ne3 Re5 40. Nc4 Re7 1/2-1/2

[Event "Christmas Festival AN PASAN&Friends"]
[Site "Vonesta voda"]
[Date "2016.12.29"]
[Round "5.2"]
[White "Raykov, Stefan"]
[Black "Todorov, Kaloyan"]
[Result "1/2-1/2"]
[WhiteElo "2206"]
[BlackElo "1972"]
[PlyCount "106"]
[EventDate "2016.12.26"]
[EventType "tourn"]
[EventRounds "5"]
[EventCountry "BUL"]

1. e4 e5 2. Nf3 Nc6 3. d4 exd4 4. Nxd4 Bc5 5. Be3 Qf6 6. c3 Nge7 7. Qd2 O-O 8.
f4 Bxd4 9. cxd4 d5 10. e5 Qg6 11. h3 Bf5 12. Na3 h5 13. g4 Be4 14. f5 Nxf5 15.
gxf5 Qxf5 16. Rg1 f6 17. exf6 Rxf6 18. O-O-O Raf8 19. Bd3 Nb4 20. Bxe4 Qxe4 21.
Qxb4 Qxe3+ 22. Qd2 Qxh3 23. Qg5 Rc6+ 24. Nc2 g6 25. Qxd5+ Kh7 26. Rde1 Qh4 27.
Rgf1 Rf2 28. Rxf2 Qxf2 29. Re7+ Kh6 30. Qe4 Qf1+ 31. Kd2 Qf6 32. Qe3+ g5 33.
Nb4 Rd6 34. Nd5 Rxd5 35. Re6 Rxd4+ 36. Ke2 Rd6 37. Rxf6+ Rxf6 38. Qe7 Rc6 39.
b4 a6 40. a4 h4 41. b5 axb5 42. axb5 Rg6 43. Kf2 Rg7 44. Qf6+ Kh7 45. Kg2 Rg6
46. Qf7+ Kh6 47. Qxc7 b6 48. Qd8 Kh5 49. Qe8 g4 50. Qe5+ Kh6 51. Qh8+ Kg5 52.
Qd8+ Kh5 53. Qh8+ Kg5 1/2-1/2